| 000 | 01011nam a2200301 i 4500 | ||
|---|---|---|---|
| 003 | DO-SdBNP | ||
| 005 | 20260413102942.0 | ||
| 007 | ta | ||
| 008 | 260413b2010 dr a|||| |||| 00| 0 spa d | ||
| 040 |
_aDO-SdBNP _bspa _cBNPHU _erda |
||
| 041 | _aspa | ||
| 082 | 4 |
_aRD863.44 _bR789r 2010 _222 |
|
| 100 |
_aRosario, Aníbal J _eautor _4aut. _929965 |
||
| 245 | 1 | 3 |
_aEl retorno del Quijote / _cAníbal J. Rosario ; prólogo, Odón Betanzos Palacios. |
| 250 | _asegunda edición | ||
| 264 | 4 |
_aEstados Unidos : _bBook Surge _c©2010. |
|
| 300 |
_a217 páginas : _bilustraciones ; _c21 cm. |
||
| 336 |
_atexto _btxt _2rdacontent |
||
| 337 |
_asin mediación _bn _2rdamedia |
||
| 338 |
_avolumen _bnc _2rdacarrier |
||
| 500 | _aIncluye datos bibliográficos del autor en la contracubierta. | ||
| 590 | _aInventariado, 2019/VM | ||
| 650 | 4 |
_aNovela dominicana _9223 |
|
| 650 | 4 |
_aLiteratura dominicana. _967 |
|
| 700 | 1 | 2 |
_aBetanzos Palacios, Odón, _eprologuista _4pr. _99997 |
| 910 | _aBtavárez | ||
| 942 |
_2ddc _cLBS1 |
||
| 999 |
_c60539 _d60539 |
||